000 01376nam a2200361 a 4500
001 000111015
003 CHAP
005 20220329144154.0
008 141125s2014 mx a fsm |||||||spa d
010 _a107477
011 _a108449
040 _cCHAP
090 _aTesis
100 1 _aVentura Terán, José Miguel
_9128801
245 1 0 _aEfectividad biológica de dos hongos entomopatógenos en el control de Bactericera cockerelli (SULC) en cultivo de chile (Capsicum annuum L.)
_h[En línea]
_cpor José Miguel Ventura Terán.
260 _aChapingo, Méx. :
_bEl autor,
_c2014.
500 _aPara ver el contenido del material haga clic en la liga
502 _aTesis (Ing. Agr. Esp. en Parasitología Agrícola) -- UACH. Departamento de Parasitología Agrícola
590 _aE11695DGD
_b10
_c20141125
_lUCH01
_h1321
590 _aE5995AHE
_b05
_c20141125
_lUCH01
_h0911
590 _aE5995AHE
_b05
_c20141125
_lUCH01
_h0914
650 1 4 _aBeauveria bassiana.
_911099
650 1 4 _aCapsicum annum.
_918733
650 1 4 _aChile piquín.
_922491
650 1 4 _aControl de plagas.
_927595
650 1 4 _aCultivos en invernadero
_xPlagas.
_930379
650 1 4 _aHongos entomopatógenos.
_9127490
650 1 4 _aParatrioza cockerelli.
_985482
856 _aFinding aid
_uhttp://10.13.5.2/tesis/sist111015.pdf
_zTeclea aquí
901 _aBK
942 _cTESIS
942 _n0
999 _c107477
_d107477